MARC details
| 000 -LEADER |
| fixed length control field |
00994nam a2200253Ia 4500 |
| 003 - CONTROL NUMBER IDENTIFIER |
| control field |
IN-BaIIA |
| 008 - FIXED-LENGTH DATA ELEMENTS--GENERAL INFORMATION |
| fixed length control field |
211028s9999 xx 000 0 eng d |
| 020 ## - INTERNATIONAL STANDARD BOOK NUMBER |
| International Standard Book Number |
0-521-80998-3 |
| 040 ## - CATALOGING SOURCE |
| Transcribing agency |
IIA Library |
| 080 ## - UNIVERSAL DECIMAL CLASSIFICATION NUMBER |
| Universal Decimal Classification number |
524(082.2) |
| Item number |
TRU |
| 111 ## - MAIN ENTRY--MEETING NAME |
| Meeting name or jurisdiction name as entry element |
Canary Islands Winter School Astrophysics |
| Location of meeting |
Tenerife, Spain |
| Date of meeting or treaty signing |
2000 Nov. 13-24 |
| 9 (RLIN) |
26036 |
| 245 #0 - TITLE STATEMENT |
| Title |
Astrophysical spectropolarimetry |
| Remainder of title |
proceedings of XII Canary Islands winter school astrophysics, Tenerife, Spain, Novomber 13-24, 2000 |
| Statement of responsibility, etc. |
edited by J. Trujillo, F. Moreno-Insertis and F. S. Martinez |
| 260 ## - PUBLICATION, DISTRIBUTION, ETC. |
| Place of publication, distribution, etc. |
Cambridge |
| Name of publisher, distributor, etc. |
Cambridge University Press |
| Date of publication, distribution, etc. |
2002 |
| 300 ## - PHYSICAL DESCRIPTION |
| Extent |
xiv, 354p. |
| 650 ## - SUBJECT ADDED ENTRY--TOPICAL TERM |
| Topical term or geographic name entry element |
Accretion Disks |
| 9 (RLIN) |
8621 |
| 650 ## - SUBJECT ADDED ENTRY--TOPICAL TERM |
| Topical term or geographic name entry element |
Active GAlactic Nuclei |
| 9 (RLIN) |
6209 |
| 650 ## - SUBJECT ADDED ENTRY--TOPICAL TERM |
| Topical term or geographic name entry element |
Physics Polarization |
| 9 (RLIN) |
26037 |
| 650 ## - SUBJECT ADDED ENTRY--TOPICAL TERM |
| Topical term or geographic name entry element |
Solar and STellar MAgnetic fields |
| 9 (RLIN) |
26038 |
| 650 ## - SUBJECT ADDED ENTRY--TOPICAL TERM |
| Topical term or geographic name entry element |
Spectropolarimetry |
| 9 (RLIN) |
26039 |
| 700 ## - ADDED ENTRY--PERSONAL NAME |
| Personal name |
Martinez, F.S., ed. |
| 9 (RLIN) |
26040 |
| 700 ## - ADDED ENTRY--PERSONAL NAME |
| Personal name |
Moreno-Insertis, F., ed. |
| 9 (RLIN) |
26041 |
| 700 ## - ADDED ENTRY--PERSONAL NAME |
| Personal name |
Trujillo, J., ed. |
| 9 (RLIN) |
26042 |
| 942 ## - ADDED ENTRY ELEMENTS (KOHA) |
| Koha item type |
Books |